| 000 | 00685cam a22002651 4500 | ||
|---|---|---|---|
| 999 |
_c20834 _d20834 |
||
| 001 | 9862798 | ||
| 003 | BDDh-ASL | ||
| 005 | 20231015025936.0 | ||
| 008 | 711115s1964 enk 000 0 eng | ||
| 010 | _a 65000273 | ||
| 015 | _aGB64-11652 | ||
| 035 | _a(OCoLC)171364 | ||
| 040 |
_aDLC _cOWoC _dOCoLC _dBDDh-ASL _dUk _dDLC |
||
| 042 | _apremarc | ||
| 050 | 0 | 0 |
_aBP189 _b.R5 |
| 082 |
_a297.4 _bRIP |
||
| 100 | 1 | _aRice, Cyprian. | |
| 245 | 1 | 4 | _aThe Persian Ṣūfis / |
| 260 |
_aLondon: _bG. Allen and Unwin _c[1964] |
||
| 300 |
_a104 p. _c19 cm. |
||
| 650 | 0 | _aSufism. | |
| 650 | 0 |
_aMysticism _zIran. |
|
| 906 |
_a7 _bcbc _coclcrpl _du _encip _f19 _gy-gencatlg |
||
| 942 |
_2ddc _cBK |
||